00567nam a22001697a 450000500170000001000150001702000260003203500140005803700130007208200140008510000200009924500890011926000550020827000790026330000350034250000200037720180327140802.0 aENG-122416 c895.00a9789352805297 aEN-105948 bDBAD/PUB a613.66082 aRouse, Wendy L. aHer own hero:cby Wendy L. RousebThe origins of the women's self-defense movement / aNew DelhibSage Publications India Pvt. Ltd.c2017 bNew Delhie110044aB1/I-1 Mohan Cooperative Industrial Area, Mathura Road, a255p.c23cm.(Hb)bill. picture aIncluding index